Online katalóg knižníc regiónu Turca

Záhada zmenšujúceho sa domu (Record no. 20828)

MARC details
000 -LEADER
fixed length control field 02340cam a2200553 a 4500
001 - CONTROL NUMBER
control field 20828
003 - CONTROL NUMBER IDENTIFIER
control field VRT
005 - DATE AND TIME OF LATEST TRANSACTION
control field 20260204165332.0
008 - FIXED-LENGTH DATA ELEMENTS--GENERAL INFORMATION
fixed length control field 240226s1990 xo a jr 000 f slo
015 ## - NATIONAL BIBLIOGRAPHY NUMBER
National bibliography number SNBA1990/04
020 ## - INTERNATIONAL STANDARD BOOK NUMBER
International Standard Book Number 8006002606
Qualifying information (súb. ;
-- viazané)
020 ## - INTERNATIONAL STANDARD BOOK NUMBER
International Standard Book Number 8006002614
Qualifying information (2. zv. ;
-- viazané)
020 ## - INTERNATIONAL STANDARD BOOK NUMBER
International Standard Book Number 8006001286
Qualifying information (1. zv. ;
-- viazané)
020 ## - INTERNATIONAL STANDARD BOOK NUMBER
International Standard Book Number 8006002622
Qualifying information (3. zv. ;
-- viazané)
035 ## - SYSTEM CONTROL NUMBER
System control number SNK000004139
035 ## - SYSTEM CONTROL NUMBER
System control number urn:nbn:sk:snk-amjait
035 ## - SYSTEM CONTROL NUMBER
System control number urn:nbn:sk:snk-am003e9u
035 ## - SYSTEM CONTROL NUMBER
System control number 4D6A826C-304D-4C90-81F7-9DFB76BED61B
039 #9 - LEVEL OF BIBLIOGRAPHIC CONTROL AND CODING DETAIL [OBSOLETE]
Level of rules in bibliographic description 202402261431
Level of effort used to assign nonsubject heading access points VLOAD
Level of effort used to assign subject headings 202305061445
Level of effort used to assign classification AUTHORITY
Level of effort used to assign subject headings 202305061442
Level of effort used to assign classification AUTHORITY
Level of effort used to assign subject headings 202304260818
Level of effort used to assign classification msnk115
040 ## - CATALOGING SOURCE
Original cataloging agency SNK
Language of cataloging slo
Transcribing agency SNK
Description conventions AACR2
041 1# - LANGUAGE CODE
Language code of text/sound track or separate title slo
Language code of original eng
044 ## - COUNTRY OF PUBLISHING/PRODUCING ENTITY CODE
MARC country code xo
ISO country code SK
100 1# - MAIN ENTRY--PERSONAL NAME
Personal name Arden, William,
Dates associated with a name 1924-2005
Relationship aut
240 10 - UNIFORM TITLE
Uniform title Alfred Hitchcock and the three investigators in the mystery of the shrinking house
Language of a work Slovensky
245 10 - TITLE STATEMENT
Title Záhada zmenšujúceho sa domu
Statement of responsibility, etc. text podľa postáv Roberta Arthura napísal William Arden ; [z anglického originálu Alfred Hitchcock and the three investigators in the mystery of the shrinking house ... preložil Ondrej Laurinc ; ilustroval Marián Oravec]
250 ## - EDITION STATEMENT
Edition statement 1. vyd.
260 ## - PUBLICATION, DISTRIBUTION, ETC.
Place of publication, distribution, etc. Bratislava
Name of publisher, distributor, etc. Mladé letá
Date of publication, distribution, etc. 1990
300 ## - PHYSICAL DESCRIPTION
Extent 119 strán
Other physical details ilustrácie
Dimensions 21 cm
366 ## - TRADE AVAILABILITY INFORMATION
Note 34000 kusov
490 1# - SERIES STATEMENT
Series statement Klub mladých čitateľov
490 1# - SERIES STATEMENT
Series statement Alfred Hitchcock a traja pátrači
500 ## - GENERAL NOTE
General note Ilustrácie na frontispice. Výslovnosť cudzích mien a názvov na strane 119
521 1# - TARGET AUDIENCE NOTE
Target audience note Pre čitateľov od 9 rokov
655 #7 - INDEX TERM--GENRE/FORM
Genre/form data or focus term americké romány
Source of term SNKPH
655 #7 - INDEX TERM--GENRE/FORM
Genre/form data or focus term detektívne romány
Source of term SNKPH
655 #7 - INDEX TERM--GENRE/FORM
Genre/form data or focus term literatúra pre deti a mládež
Source of term SNKPH
700 1# - ADDED ENTRY--PERSONAL NAME
Personal name Laurinc, Ondrej
Relationship trl
700 1# - ADDED ENTRY--PERSONAL NAME
Personal name Oravec, Marián,
Dates associated with a name 1958-
Relationship ill
700 1# - ADDED ENTRY--PERSONAL NAME
Personal name Arthur, Robert,
Dates associated with a name 1909-1969
Relationship aut
830 #0 - SERIES ADDED ENTRY--UNIFORM TITLE
Uniform title Klub mladých čitateľov
830 #0 - SERIES ADDED ENTRY--UNIFORM TITLE
Uniform title Alfred Hitchcock a traja pátrači
942 ## - ADDED ENTRY ELEMENTS (KOHA)
Source of classification or shelving scheme Dewey Decimal Classification
Koha item type Krásna literatúra pre deti
Suppress in OPAC No
949 ## - LOCAL PROCESSING INFORMATION (OCLC)
6 17A0068018
9 P60, <05>, [BOOK], {605}
a snkSC 75171/2 D1
b snkKSP 3261/90
s 6100:20140925
949 ## - LOCAL PROCESSING INFORMATION (OCLC)
6 273K0459916
a svkpoA 148772
b svkpo362899
949 ## - LOCAL PROCESSING INFORMATION (OCLC)
6 3869A00328
a bpksh820(73)(02.053.2)-32
b bpksh46033
949 ## - LOCAL PROCESSING INFORMATION (OCLC)
6 17A0975416
a snkSC 75171/2
b snkKSP 3260/90
949 ## - LOCAL PROCESSING INFORMATION (OCLC)
6 270001000116145
a svkbbA 72619
b svkbbm 546377
Holdings
Stav vyradenia Strata Poškodenie Spôsob nadobudnutia Domovská knižnica Aktuálna knižnica Dátum nadobudnutia Total checkouts Čiarový kód exemplára Date last seen Typ exemplára
      Dar Obecná knižnica Belá-Dulice Obecná knižnica Belá-Dulice 04.02.2026   4735903376 04.02.2026 Krásna literatúra pre deti
Projekt je podporený Slovenskou asociáciou knižníc
Prevádzkuje Turčianska knižnica Martin 2026